| 000 | 01157nas a2200361 4500 | ||
|---|---|---|---|
| 001 | BR2013009443 | ||
| 003 | BR-BrBNA | ||
| 005 | 20231205123325.0 | ||
| 007 | ta | ||
| 008 | 230509b bl.|||p| |||| 00| 00por d | ||
| 040 |
_aBR-BrBNA _bpor _cBiblioteca Nacional de Agricultura |
||
| 041 | _a(Pt) | ||
| 072 | _aK50 | ||
| 100 | 1 | _aVidaurre, G.B. | |
| 100 | 1 | _aVital, B.R. | |
| 100 | 1 | _aSilva, J. de C. | |
| 100 | 1 | _aOliveira, J.T. da S. | |
| 100 | 1 | _aCarvalho, A.M.M.L. | |
| 100 | 1 | _aLucia, R.M.D. | |
| 100 | 1 | _aCarneiro, A. de C.O. | |
| 245 | 1 | _aEfeito da geometria dos dentes da serra de fita na produção de madeira serrada de eucalipto | |
| 246 | 1 | _aEffect of band saw geometry on the production of eucalyptus sawed wood | |
| 650 | _aEUCALIPTO | ||
| 650 | _aMADEIRA | ||
| 650 | _aPRODUÇÃO | ||
| 650 | _aEQUIPAMENTO FLORESTAL | ||
| 650 | _aSERRA | ||
| 650 | _a | ||
| 773 | 0 |
_tRevista Árvore (Brazil) _xISSN 0100-6762 _g(Sep-Oct 2008), v. 32(5) p. 939-947 _wBR2013009443 |
|
| 856 | 4 |
_uhttp://www.scielo.br/pdf/rarv/v32n5/19.pdf _yRecurso eletrônico (PDF) |
|
| 909 |
_a202311 _bLúcia _c55 _dLúcia Elande |
||
| 942 |
_2AGRIS _n0 _cANA |
||
| 999 |
_c233320 _d233320 |
||